LEADER 01292nam a2200313 a 4500 001 000000138168 003 CaOOAMICUS 005 20140411145445.0 008 140411s2008 it u000 u ita r 020 $a978-88-15-12407-4 040 $aPUL$bita 041 1 $aita$heng 100 1 $aMorlino, Leonardo.$0(OLS)http://pul/name/89098 240 10$aDemocracy between consolidation and crisis.$lItaliano.$0(OLS)http://pul/title/174935 245 10$aDemocrazie tra consolidamento e crisi :$bpartiti, gruppi e cittadini nel Sud Europa /$cLeonardo Morlino. 260 $aBologna :$bIl Mulino,$cİ2008. 300 $a511 p. ;$c22 cm 490 1 $aSaggi ;$v695 500 $aInclude indice. 504 $aBibliografia p. 457-493. 650 4$aDemocrazia$zEuropa.$0(OLS)http://pul/subject/38582 830 0$aSaggi (Il Mulino) ;$v695.$0(OLS)http://pul/title/7843 850 $aPUL 852 $aPUL$W1$xDP1 Fondo E. Rossi$y115$m7 D 56$j159293$qFondi$B158843$CPULBib$Z2$F158843 $82 941 1 $a1 996 $6020$a978-88-15-12407-4 $9(OLS)http://pul/number/155100 996 $6245$aDemocrazie tra consolidamento e crisi :$bpartiti, gruppi e cittadini nel Sud Europa$9(OLS)http://pul/title/174934 996 $6260$aBologna :$bIl Mulino$9(OLS)http://pul/publisher/47928 LEADER 01147nam a2200277 u 4500 001 000000060358 003 CaOOAMICUS 005 20070226120913.0 008 010719s1967 gw u000 u ger u 035 $a10897864 040 $aPUL(R)$bita 100 1 $aScheeben, Matthias Joseph,$d1835-1888.$0(OLS)http://pul/name/14574 245 10$aGesammelte Aufs{uml}tze /$cMatthias Joseph Scheeben ; herausgegeben von Heribert Schauf. 260 $aFreiburg :$bHerder,$cc1967. 300 $a308 p. ;$c24 cm 490 1 $aGesammelte Schriften ;$v8 504 $aBibliografia in nota. 650 4$aTeologia dogmatica.$0(OLS)http://pul/subject/663 700 1 $aSchauf, Heribert.$0(OLS)http://pul/name/33509 830 0$aGesammelte Schriften (Herder) ;$v8.$0(OLS)http://pul/title/33366 850 $aPUL 852 $aPUL$W1$xSL Religione 2$y84$mTheol D3 6.8$j78657$nBK-PRI$b $qStampati altre collocazioni$B78657$CPULBib$Z2$F78657 $H $81 941 1 $a10 961 $aINV: 29507 996 $6245$aGesammelte Aufs{uml}tze$9(OLS)http://pul/title/80697 996 $6260$aFreiburg :$bHerder$9(OLS)http://pul/publisher/48354